01839cam a22003734a 450000100100000000500170001000800410002702000150006804000290008305000210011208200140013324501590014724600430030626001540034930000170050349000550052050000450057554600340062050001120065450400530076665100630081965100570088260000570093970000330099670000290102970000280105870000300108671001150111683000610123191000340129204900090132695201130133599900170144800001807120200929165336.0020916s2001 it b f101 0 ita d a8871252144 aDO-SdBNPbitacLCdBNPHU00aDG812b.R75 2001 ann*bR75600aRoma di fronte all'Europa al tempo di Alessandro VI :batti del convegno (Citta del Vaticano-Roma, 1-4 dicembre 1999) /cedición M. Chiabo ... [et al.].1 iTitle on jacket:aAlessandro VI Borgia aRoma :bMinistero per i Beni e le Attivita Culturali, Direzione Generale per gli Archivi :bVendita, Istituto poligrafico e Zecca dello Stato,c2001. av. ;c24 cm.1 aPubblicazioni Degli Archivi di Stato.aSaggi ;v68 ala biblioteca sólo posee el volumen 1. aItalian, French, and Spanish. a"Comité Nacional de reuniones conducentes a la V centenario del pontificado de Alejandro VI (1492-1503)". aIncluye referencias bibliográficas e índice. 0aRome (Italy{Rpara}xHistoryy1420-1798vCongresses.939163 0aPapal StatesxHistoryy1417-1605vCongresses.93916400aAlexanderbVI,cPope,d1431-1503vCongresses.9391651 aChiabò, Maria,eed.9391661 aMaddalo, S.,eed.9391671 aMiglio, M.,eed.9391681 aOliva, A. M.,eed.9391691 aComitato nazionale incontri di studio per il V centenario del pontificato di Alessandro VI (1492-1503).939170 0aPubblicazioni Degli Archivi di Stato.pSaggi ;v6893896 aCatalogación por copia / LC aBNGR 001052708MOaGRbGRcCTd2010-04-13iLF1l0ov.1p18071-10r2020-06-25w2020-06-25y2ZPréstamo interno c17593d17593